Cơ sở lí luận văn học; T2 Tác phẩm văn học

Na minha lista:
Detalhes bibliográficos
Autor principal: Lê Bá Hán
Formato: Livro
Idioma:Undetermined
Publicado em: Hà Nội Giáo dục 1978
Assuntos:
Tags: Adicionar Tag
Sem tags, seja o primeiro a adicionar uma tag!
Thư viện lưu trữ: Trung tâm Học liệu Trường Đại học Cần Thơ
LEADER 00571nam a2200181Ia 4500
001 CTU_8756
008 210402s9999 xx 000 0 und d
082 |a 801 
082 |b C460/T2/1978 
100 |a Lê Bá Hán 
245 0 |a Cơ sở lí luận văn học; T2 
245 0 |b Tác phẩm văn học 
245 0 |c Lê Bá Hán, Hà Minh Đức 
260 |a Hà Nội 
260 |b Giáo dục 
260 |c 1978 
650 |a literature - history and criticism,literature - philosophy 
980 |a Trung tâm Học liệu Trường Đại học Cần Thơ